000 00658nam a2200193Ia 4500
003 GCL
008 140319s9999 xx 000 0 ara d
040 _aGCL /
_cGCL
082 0 4 _a912.3
_bج ا
100 1 _aجماعة من اساتذة الجغرافيا
245 1 0 _aاطلس العالم الصحيح /
_cجماعة من اساتذة الجغرافيا
260 _aبيروت :
_bدار مكتبة الحياة ،
_c1995
300 _a193 ص:
_bايض، خرائط ؛
_c30 سم
650 0 4 _aالعالم القديم
650 0 4 _aالجغرافيا
650 0 4 _aالاطالس
650 0 4 _aالسكان - احصائيات
942 _2ddc
_cBK
999 _c44112
_d44112